000 01760nam a22004457a 4500
003 CHAP
005 20220329143248.0
008 071105s2007 mx r 00010 spa d
010 _a94131
011 _a95103
035 _a105707
040 _cCHAP
090 _aTesis
100 1 _aBrindis Muñoa, Sein.
_915365
245 1 0 _aEstudio de factibilidad técnico económico para el establecimiento de una industria extractora de aceite de maíz (Zea mays L.) en el Municipio de Villacorzo, Chiapas
_c/por Sein Brindis Muñoa
260 _aChapingo, Méx. :
_bEl autor,
_c2007
300 _a77 h. :
_bgráfs. ; cuadros ; mapas ; diagramas
502 _aTesis (Ing. Agroindustrial) - - UACH. Departamento de Ingeniería Agroindustrial
530 _aTambién disponible en línea
590 _aALEPH
_b10
_c20130110
_lUCH01
_h1520
590 _aBATCH-UPD
_b10
_c20130110
_lUCH01
_h0450
590 _aBATCH-UPD
_b10
_c20130410
_lUCH01
_h0127
590 _aBATCH-UPD
_b10
_c20130913
_lUCH01
_h1852
590 _aBATCH-UPD
_b10
_c20140324
_lUCH01
_h1504
590 _aBATCH-UPD
_b10
_c20141002
_lUCH01
_h0835
590 _aBATCH
_b00
_c20181121
_lUCH01
_h0759
590 _aCONVERSION
_b10
_c20130109
_lUCH01
_h1352
650 1 4 _aAceite de maíz.
_9436
650 1 4 _aMaíz
_xAspectos económicos
_xChiapas.
_970866
650 1 4 _aMaíz
_xIndustria.
_970980
650 1 4 _aMaíz
_xProcesado.
_971040
650 1 4 _aProductos agrícolas.
_991896
856 _3Finding aid
_uhttp://10.13.5.2/tesis/105707.pdf
_zTeclea aqui
856 _a1
_n0001033
901 _aBK
905 _aElisama A. H.
942 _cFOLL
949 _aTesis
_bBC
_cTES
_d33724002035165
_eTS1
_gDonaciØn
_h47201
_i105707
_sb
949 _aTesis
_bBC
_cTES
_d33724002035173
_eTS2
_fc.2
_gDonaciØn
_h47202
_i105707
_sb
999 _c94131
_d94131